| 000 | 00862nam2a2200205 4500 | ||
|---|---|---|---|
| 001 | RU\NLR\BIBL_A\011949530 | ||
| 005 | 20250626155020.0 | ||
| 035 | _a(NLR Aleph) 011949530 | ||
| 090 |
_a11139721 _c11139721 |
||
| 100 | _a20190301d2018 |||y0rusy50 ca | ||
| 101 | 0 | _arus | |
| 102 | _aRU | ||
| 200 | 0 | _a2018, № 1 (1) (нояб.) | |
| 210 |
_d2018 _aБ. м. |
||
| 461 | 0 |
_1001RU\NLR\BIBL_A\011886590 _12001#$aNordic walking in Russia$eNW$eпервый в России журнал о скандинавской ходьбе$v2018, № 1 (1) (нояб.) _910807468 _cМосква _d2018 - _nИнфонордмедиа-Центр _oNW : первый в России журнал о скандинавской ходьбе _tNordic walking in Russia _v2018, № 1 (1) (нояб.) |
|
| 852 |
_aNLR _jП41/567 |
||
| 942 | _cISSUE | ||
| 980 | _aNB | ||
| 980 | _aRUSPER | ||